NCAA Wrestling Champions and Runner-ups - Statistics

General Stats
  • This quiz has been taken 1,064 times
  • The average score is 15 of 22
Answer Stats
Champion % Correct
Iowa
97%
Penn St
96%
Ohio St
92%
Oklahoma
92%
Oklahoma
92%
Iowa St
88%
Iowa St / Michigan
88%
Iowa St / Oklahoma St
88%
Michigan
88%
Central Oklahoma / Oklahoma St
87%
Oklahoma St
87%
Minnesota
75%
Michigan St
71%
Indiana
60%
Cornell
58%
Illinois
58%
Arizona St
51%
Purdue
48%
Oregon St
35%
Northern Iowa
33%
Lehigh
30%
Pittsburgh
26%
No matching quizzes found
Score Distribution
Percent of People with Each Score
Percentile by Number Answered
Your Score History
You have not taken this quiz